000 00918nam a22002657a 4500
999 _c14699
_d14699
003 MIRAKIL
005 20211221140127.0
008 211221b tu ||||| |||| 00| 0 tur d
040 _aTR-AnCHP
_cTR-AnCHP
041 _atur
082 _a324.2561
_bP36a 1985
100 _aPerinçek, Doğu
245 1 0 _aAnayasa ve partiler rejimi :
_bTürkiye'de siyasi partilerin iç düzeni ve yasaklanması /
_cDoğu Perinçek.
246 _aTürkiye'de siyasi partilerin iç düzeni ve yasaklanması
250 _a2.bs.
260 _aİstanbul :
_bKaynak yayınları ;
_c1985.
300 _a431 s.:
_c19 sm.
490 0 _aKaynak yayınları ;
_v70.
504 _aKaynakça ve dizin vardır.
650 0 _aSiyaset ve yönetim
_xTürkiye
_99
650 0 _aSiyasi partiler
_xTürkiye
_9804
650 0 _aAnayasa
_xTürkiye
_95694
740 _aTürkiye'de siyasi partilerin iç düzeni ve yasaklanması
942 _2ddc
_cBKS